00866nam a2200205 a 450000100060000000300090000600800410001504000280005608200240008410000180010824500340012626000330016030000080019350502560020165000440045765000380050165000440053965000380058365000390062122653CO-ViMGA141112s2004 ck r 000 u spa d aCO-ViMGAbspacCO-ViMGA04aMEVIECAR.6425 M334g1 aMediaactive, 10aEl gran libro de autocad 2007 aMexico : bAlfaomega, c2007 a579 aConceptos basicos 13 - 42 - - Trabajar con coordenadas 47 - 58 - - Herramientas de dibujo 62 - 124 - - Texto 129 - 151 - - Trabajar con objetos 155 - 184 - - Trabajar con bloques 188 - 210 - - Patrones de sombreado 215 - 231 - - objetos 3d 292 - 341 14aAUTOCAD 2007 - PROGRAMA PARA COMPUTADOR14aAUTOCAD(PROGRAMA PARA COMPUTADOR)14aCARTOGRAFIA - PROGRAMAS PARA COMPUTADOR14aDISEÑO CON AYUDA DEL COMPUTADOR14aSISTEMAS DE INFORMACION GEOGRAFICA